00528nam a2200169Ia 4500003000900000008004100009040001300050040001300063041000800076100002000084245002400104300000800128490000600136942000700142999001700149952019200166IT-RoPAU120407s9999 xx 000 0 und d aIT-RoPAU cIT-RoPAU aita aGiovanni Papini aLe pazzie del poeta c cm v1 cBK c20865d20865 00102ddc4068_200000000000000_1571aPAULUSbPAULUSd2012-04-11l0o8.20.15r2012-04-11 00:00:00w2012-04-11yBKzInserito da: Marisa In data: 19 ottobre 2011 fondo: Fanella Progr:23621